000 00671nam a2200241Ia 4500
008 160901s9999 xx 000 0 und d
020 _a0-7821-2780-0
050 _aComSc QA 76.625
050 _b.P47 2000 c.2
245 _aPerl, CGI, and JavaScript complete /
260 _aAlameda, CA :
260 _bSybex Inc.,
260 _c2000
300 _a971 pages :
300 _bill. ;
300 _c21 cm.
500 _aIncludes index.
650 _aCGI (Computer network protocol).
650 _aInternet programming.
650 _aWeb site development.
650 _xJavascript (Computer program language).
650 _xPerl (Computer program language).
999 _c300841
_d300841